| 000 | 00673nam a2200205 a 4500 | ||
|---|---|---|---|
| 005 | 20140310183216.0 | ||
| 008 | 030528s19uu xx 00 eng d | ||
| 020 | _a9221039587 | ||
| 050 |
_aHF 5549.5 _b.B789 1985 |
||
| 100 | _aBoydell, Tom | ||
| 245 |
_aManagement sel-development : _bA guide for managers, organisations, and institutions / _cTom Boydell. |
||
| 260 |
_aGeneva : _bInternational Labour Organisation, _c1985. |
||
| 300 |
_a267 p. : _c24 cm. |
||
| 521 | _aBSBA | ||
| 650 |
_aExecutives _xTraining of |
||
| 650 |
_amanagers _xTraining of |
||
| 650 |
_aManagement _xStudy & teaching _xAddresses, essays, lectures |
||
| 942 |
_cBK _2lcc _kFOR |
||
| 999 |
_c20235 _d20235 |
||